000 00362 a2200145 4500
999 _c5719
_d5719
020 _a090798522X
050 _aPL8745 MAK 1992
100 _aMakamu, S.H.N.
245 _aHi Landza Mpisana /
_cSamson H.N. Makamu
264 _aBraamfontein
_bSasavona
_c1992
300 _a138p. :
500 _aVenda
650 _aVenda literature
942 _2lcc
_cBK
_h8745
_iMAK
_kPL